| 000 -LEADER |
| fixed length control field |
01052nam a2200253Ia 4500 |
| 001 - CONTROL NUMBER |
| control field |
23300 |
| 003 - CONTROL NUMBER IDENTIFIER |
| control field |
GE_BSU |
| 008 - FIXED-LENGTH DATA ELEMENTS--GENERAL INFORMATION |
| fixed length control field |
181216s||||||||xx |||||||||||||| ||und|| |
| 040 ## - CATALOGING SOURCE |
| Transcribing agency |
GE_BSU |
| 080 ## - UNIVERSAL DECIMAL CLASSIFICATION NUMBER |
| Universal Decimal Classification number |
94(479.22)"1832 |
| 100 ## - MAIN ENTRY--PERSONAL NAME |
| Personal name |
გოზალიშვილი, გიორგი |
| 245 ## - TITLE STATEMENT |
| Title |
1832 წლის შეთქმულება. ტ. 2 : წინასიტყვაობა, მასალები, კომენტარები. |
| 245 ## - TITLE STATEMENT |
| Statement of responsibility, etc. |
რედ. ი. კაჭარავა. |
| 260 ## - PUBLICATION, DISTRIBUTION, ETC. |
| Place of publication, distribution, etc. |
თბილისი |
| 260 ## - PUBLICATION, DISTRIBUTION, ETC. |
| Name of publisher, distributor, etc. |
მერანი |
| 260 ## - PUBLICATION, DISTRIBUTION, ETC. |
| Date of publication, distribution, etc. |
1970 |
| 300 ## - PHYSICAL DESCRIPTION |
| Extent |
655 გვ. 22სმ. |
| 300 ## - PHYSICAL DESCRIPTION |
| Accompanying material |
პირთა და გეოგრაფიულ სახელთა საძიებელი: გვ. 620-647. |
| 653 ## - INDEX TERM--UNCONTROLLED |
| Uncontrolled term |
1832 წლის შეთქმულება. ტ. 2 |
| 653 ## - INDEX TERM--UNCONTROLLED |
| Uncontrolled term |
ისტორია |
| 653 ## - INDEX TERM--UNCONTROLLED |
| Uncontrolled term |
წინასიტყვაობა, მასალები, კომენტარები. |
| 942 ## - ADDED ENTRY ELEMENTS (KOHA) |
| Koha item type |
წიგნი |